| 000 | 00000nam 2200000zi 4500 |
| 001 | 9.932979 |
| 003 | CaOODSP |
| 005 | 20240220160907 |
| 006 | m o d f |
| 007 | cr |n||||||||| |
| 008 | 240126t20232023onca ob f000 0 eng d |
| 020 | |a9780660698175|z9780660236377 |
| 040 | |aCaOODSP|beng|erda|cCaOODSP |
| 043 | |an-cn--- |
| 086 | 1 |aBT32-58/2024E-PDF |
| 245 | 00|aGuide to travel, hospitality, conference and event expenditures. |
| 264 | 1|aOttawa, Ontario : |bTreasury Board of Canada Secretariat = Secrétariat du Conseil du trésor du Canada, |c2023. |
| 264 | 4|c©2023 |
| 300 | |a1 online resource (32 unnumbered pages) : |billustrations |
| 336 | |atext|btxt|2rdacontent |
| 337 | |acomputer|bc|2rdamedia |
| 338 | |aonline resource|bcr|2rdacarrier |
| 500 | |aIssued also in French under title: Guide sur les dépenses de voyages, d’accueil, de conférences et d’événements. |
| 500 | |a"Published: 2023-12-18." |
| 504 | |aIncludes bibliographical references. |
| 650 | 0|aGovernment travel|zCanada|xCosts. |
| 650 | 0|aHospitality|zCanada|xCosts. |
| 650 | 0|aCongresses and conventions|zCanada|xCosts. |
| 650 | 0|aGovernment spending policy|zCanada. |
| 710 | 1 |aCanada. |bTreasury Board, |eissuing body. |
| 775 | 08|tGuide sur les dépenses de voyages, d'accueil, de conférences et d'événements.|w(CaOODSP)9.932980 |
| 856 | 40|qPDF|s776 KB|uhttps://publications.gc.ca/collections/collection_2024/sct-tbs/BT32-58-2024-eng.pdf |